Retratos desde la prisión (Record no. 179232)

MARC details
000 -LEADER
campo de control de longitud fija 01532nam a2200313 4500
001 - NÚMERO DE CONTROL
campo de control 179232
003 - IDENTIFICADOR DE NÚMERO DE CONTROL
campo de control ES-MaACL
005 - FECHA Y HORA DE LA ÚLTIMA TRANSACCIÓN
campo de control 20231219062537.0
008 - DATOS DE LONGITUD FIJA--INFORMACIÓN GENERAL
campo de control de longitud fija 111011s2010 sp acp |||| |dspa d
020 ## - NÚMERO INTERNACIONAL ESTÁNDAR DEL LIBRO
Número Internacional Estándar del Libro 978-84-8181-400-2
080 ## - NÚMERO DE LA CLASIFICACIÓN DECIMAL UNIVERSAL
Número de la Clasificación Decimal Universal 74 Antequera Azpiri, P. (083.824)
080 ## - NÚMERO DE LA CLASIFICACIÓN DECIMAL UNIVERSAL
Número de la Clasificación Decimal Universal 74 Álvarez, David (083.824)
080 ## - NÚMERO DE LA CLASIFICACIÓN DECIMAL UNIVERSAL
Número de la Clasificación Decimal Universal 929:343.811(460)"1939/55"(0:74)(083.824)
245 00 - MENCIÓN DEL TÍTULO
Título Retratos desde la prisión
Resto del título : Centro Documental de la Memoria Histórica, exposición, abril-mayo de 2010 /
Mención de responsabilidad, etc. Pedro Antequera Azpiri y David Álvarez.
260 ## - PUBLICACIÓN, DISTRIBUCIÓN, ETC.
Lugar de publicación, distribución, etc. [Madrid] :
Nombre del editor, distribuidor, etc. Ministerio de Cultura, Subdirección General de Publicaciones, Información y Documentación,
Fecha de publicación, distribución, etc. [2010]
300 ## - DESCRIPCIÓN FÍSICA
Extensión 206 p. :
Otras características físicas principalmente il. col. y n., retr. ;
Dimensiones 28 cm.
505 8# - NOTA DE CONTENIDO CON FORMATO
Nota de contenido con formato Contiene: ;
Título Un arte en las cárceles de Franco /
Mención de responsabilidad Francisco Agramunt Lacruz - Obras y escritos de otros compañeros presos
600 17 - PUNTO DE ACCESO ADICIONAL DE MATERIA--NOMBRE DE PERSONA
Nombre de persona Antequera Azpiri, P.-
Subdivisión de forma Exposiciones.
9 (RLIN) 148218
600 17 - PUNTO DE ACCESO ADICIONAL DE MATERIA--NOMBRE DE PERSONA
Nombre de persona Álvarez, David,
Fechas asociadas al nombre 1900-1940-
Subdivisión de forma Exposiciones
9 (RLIN) 148219
650 #7 - PUNTO DE ACCESO ADICIONAL DE MATERIA--TÉRMINO DE MATERIA
Término de materia o nombre geográfico como elemento de entrada Presos políticos-
Subdivisión geográfica España-
Subdivisión cronológica 1939-1955-
Subdivisión de forma Exposiciones.
9 (RLIN) 148220
655 #7 - TERMINO DE INDIZACIÓN--GENERO/FORMA
Fuente del término tgfbne
9 (RLIN) 193628
Datos o término principal de género/forma Catálogos de exposiciones
700 1# - ENTRADA AGREGADA--NOMBRE PERSONAL
Nombre de persona Antequera Azpiri, P.
9 (RLIN) 148221
700 1# - ENTRADA AGREGADA--NOMBRE PERSONAL
Nombre de persona Álvarez, David,
Fechas asociadas al nombre 1900-1940
9 (RLIN) 148222
710 2# - ENTRADA AGREGADA--NOMBRE DE ENTIDAD CORPORATIVA
Nombre de entidad corporativa o nombre de jurisdicción como elemento de entrada Centro Documental de la Memoria Histórica.
9 (RLIN) 143899
852 ## - LOCALIZACIÓN
Ubicación ES-MaACL
Número de control de estantería A-11613
itemnumber 186112
Sublocalización o colección R.146017
Ubicación en estantería Depósito 1
Signatura antigua Olim: N-4618
Encuadernación Donación: José Luis Abellán
903 ## - NOMBRE PERSONAL DE DONANTE
a Abellán, José Luis,
d 1933-2023
e Donante
q 1
9 176509
942 ## - ELEMENTOS DE ENTRADA SECUNDARIOS (KOHA)
Fuente del sistema de clasificación o colocación Clasificación decimal universal
Holdings
Estatus retirado Estado de pérdida Fuente del sistema de clasificación o colocación Estado de daño No para préstamo Biblioteca de origen Biblioteca actual Ubicación en estantería Fecha de adquisición Fuente de adquisición Total de préstamos Signatura topográfica completa Código de barras Visto por última vez Precio de reemplazo Tipo de ítem Koha
    Clasificación decimal universal     Biblioteca del Ateneo de Madrid Biblioteca del Ateneo de Madrid Depósito 1 11/10/2011 Donación   A-11613 1188281 23/02/2023 23/02/2023 Libro impreso